[Event "20th TCh-RUS 2013"]
[Site "Loo RUS"]
[Date "2013.04.07"]
[Round "1"]
[White "Mamedyarov, Shakhriyar"]
[Black "Romanov, Evgeny"]
[Result "1/2-1/2"]
[WhiteElo "2766"]
[BlackElo "2606"]
[PlyCount "67"]
[EventDate "2013.04.07"]
[WhiteTeam "Malakhit"]
[BlackTeam "M.Chigorin Chess Club"]

1. d4 Nf6 2. c4 e6 3. Nf3 d5 4. Nc3 c5 5. cxd5 Nxd5 6. e4 Nxc3 7. bxc3 cxd4 8.
cxd4 Bb4+ 9. Bd2 Bxd2+ 10. Qxd2 O-O 11. Rd1 b6 12. Bd3 Nc6 13. Bb5 Bd7 14. O-O
Ne5 15. dxe5 Bxb5 16. Qb2 Qe8 17. Rfe1 Rc8 18. h4 Ba4 19. Rd6 Qb5 20. Qa3 h6
21. Kh2 Rc4 22. Re3 Bc2 23. Qxa7 Bxe4 24. Rxb6 Qc5 25. Ra6 Qxa7 26. Rxa7 Bxf3
27. Rxf3 Rxh4+ 28. Kg3 Re4 29. Ra5 g5 30. Kh2 Rd8 31. Ra7 Rf8 32. Ra5 Rd8 33.
Ra7 Rf8 34. Ra5 1/2-1/2

[Event "20th TCh-RUS 2013"]
[Site "Loo RUS"]
[Date "2013.04.07"]
[Round "1"]
[White "Makarov, Marat"]
[Black "Shirov, Alexei"]
[Result "1/2-1/2"]
[WhiteElo "2518"]
[BlackElo "2700"]
[PlyCount "83"]
[EventDate "2013.04.07"]
[WhiteTeam "M.Chigorin Chess Club"]
[BlackTeam "Malakhit"]

1. d4 Nf6 2. c4 e6 3. Nf3 b6 4. a3 Ba6 5. e3 d5 6. b3 c5 7. Bb2 cxd4 8. exd4 g6
9. Be2 Bg7 10. O-O O-O 11. Nbd2 Nc6 12. Ne5 Rc8 13. Rc1 dxc4 14. Nxc6 Rxc6 15.
bxc4 Qc8 16. Qb3 Rc7 17. a4 Rd8 18. Rfd1 Ne8 19. Nf1 Nd6 20. Ne3 f5 21. Bf1 Nb7
22. c5 Na5 23. Qa2 Bxf1 24. Kxf1 f4 25. Nc4 Nxc4 26. Qxc4 bxc5 27. Ba1 Rd5 28.
Re1 Bxd4 29. Red1 Bxa1 30. Rxd5 exd5 31. Qxd5+ Kg7 32. Rxa1 Qa6+ 33. Kg1 Qf6
34. Rc1 c4 35. h3 c3 36. Qa5 Rc4 37. Qxa7+ Kh6 38. a5 c2 39. Qb6 Qc3 40. Qd8
Re4 41. Kh2 Qc5 42. Qd2 1/2-1/2

[Event "20th TCh-RUS 2013"]
[Site "Loo RUS"]
[Date "2013.04.07"]
[Round "1"]
[White "Bologan, Viktor"]
[Black "Levin, Evgeny A"]
[Result "1-0"]
[WhiteElo "2681"]
[BlackElo "2521"]
[PlyCount "79"]
[EventDate "2013.04.07"]
[WhiteTeam "Malakhit"]
[BlackTeam "M.Chigorin Chess Club"]

1. e4 e6 2. d4 d5 3. e5 c5 4. c3 Nc6 5. Nf3 Bd7 6. Be2 Rc8 7. O-O Nge7 8. Na3
cxd4 9. cxd4 Nf5 10. Nc2 Qb6 11. b3 Nb4 12. Nce1 Bb5 13. Bxb5+ Qxb5 14. g4 Ne7
15. Nh4 Ng6 16. Nhg2 Be7 17. Be3 O-O 18. h4 f5 19. exf6 Rxf6 20. h5 Nf8 21. g5
Rf7 22. Qg4 Bd6 23. g6 hxg6 24. hxg6 Rfc7 25. Bf4 Qa6 26. Nf3 Nd3 27. Bxd6 Qxd6
28. Rad1 Rc3 29. Rd2 e5 30. Rxd3 Rxd3 31. Nxe5 Rdc3 32. Nf4 Rc1 33. Kg2 Qa6 34.
Rxc1 Rxc1 35. Ned3 Rc7 36. Qh5 Qd6 37. Ne5 Re7 38. Kg3 Rc7 39. Nf7 Rc3+ 40. f3
1-0

[Event "20th TCh-RUS 2013"]
[Site "Loo RUS"]
[Date "2013.04.07"]
[Round "1"]
[White "Rozum, Ivan"]
[Black "Malakhov, Vladimir"]
[Result "1/2-1/2"]
[WhiteElo "2473"]
[BlackElo "2709"]
[PlyCount "99"]
[EventDate "2013.04.07"]
[WhiteTeam "M.Chigorin Chess Club"]
[BlackTeam "Malakhit"]

1. d4 d5 2. c4 c6 3. Nf3 Nf6 4. Nc3 a6 5. e3 b5 6. c5 g6 7. Ne5 Bg7 8. f4 Qc7
9. Be2 a5 10. O-O h5 11. Bf3 Bf5 12. h3 Nbd7 13. Bd2 Ne4 14. Bxe4 dxe4 15. a4
b4 16. Ne2 Nf6 17. Ng3 Nd5 18. Nc4 h4 19. Nxf5 gxf5 20. Rc1 Bf6 21. Qe2 e6 22.
Kh1 Ke7 23. Be1 Rag8 24. Rg1 Rg6 25. Bf2 Qa7 26. Nd6 Kf8 27. Nc8 Qb7 28. Nd6
Qa8 29. Rcd1 Bd8 30. Qe1 Bc7 31. Rc1 Rgh6 32. Qe2 Ke7 33. Nc4 Kd7 34. Rc2 Rg8
35. Rgc1 Qb7 36. Qe1 Rgh8 37. Qe2 R6h7 38. Qe1 f6 39. Qf1 Rg8 40. Qe1 b3 41.
Re2 Nb4 42. Qd1 Nd3 43. Rc3 Qb4 44. Qa1 Rg6 45. Nd2 Qb7 46. Nxb3 Qb8 47. Qf1
Qb4 48. Qa1 Qb8 49. Qf1 Qb4 50. Qa1 1/2-1/2

[Event "20th TCh-RUS 2013"]
[Site "Loo RUS"]
[Date "2013.04.07"]
[Round "1"]
[White "Riazantsev, Alexander"]
[Black "Pakhomov, Egor"]
[Result "1-0"]
[WhiteElo "2705"]
[BlackElo "2454"]
[PlyCount "137"]
[EventDate "2013.04.07"]
[WhiteTeam "Malakhit"]
[BlackTeam "M.Chigorin Chess Club"]

1. d4 d5 2. c4 e6 3. Nf3 Nf6 4. Nc3 c6 5. e3 Nbd7 6. Qc2 Bd6 7. Be2 dxc4 8.
Bxc4 a6 9. e4 e5 10. O-O O-O 11. Rd1 Qc7 12. h3 b5 13. Bb3 exd4 14. Nxd4 Nc5
15. Bg5 b4 16. Bxf6 bxc3 17. e5 Bxe5 18. Bxe5 Qxe5 19. Nxc6 Qf6 20. Qxc3 Nxb3
21. Qxf6 gxf6 22. axb3 Bb7 23. Ne7+ Kg7 24. Nf5+ Kg6 25. Nd6 Bc6 26. Rd3 Kg7
27. Nf5+ Kh8 28. Rd6 Be4 29. Rxf6 Rab8 30. Nd4 Rbd8 31. Ra4 Bd3 32. Kh2 Rd5 33.
Ne6 Rd6 34. Raf4 Rb8 35. Nc5 Rxf6 36. Rxf6 Kg7 37. Rd6 Be2 38. Rd2 Bb5 39. b4
Re8 40. Nb3 Re1 41. Nd4 Bc4 42. Kg3 Kf6 43. Kf4 h5 44. f3 Rg1 45. Nc2 Be6 46.
Nd4 Bc4 47. Rc2 Bd3 48. Rc3 Bg6 49. g4 hxg4 50. hxg4 Rd1 51. Rc6+ Ke7 52. Ke5
Re1+ 53. Kd5 Bd3 54. Rc3 Rd1 55. Ke5 Re1+ 56. Kf4 Rd1 57. Rc7+ Ke8 58. Ke5 Rh1
59. Rc3 Rd1 60. Kf6 Bg6 61. Nf5 Rd2 62. b3 Rd5 63. Rc8+ Kd7 64. Rc4 Rb5 65.
Rd4+ Kc7 66. Nd6 Rb6 67. Ke7 Kc6 68. f4 a5 69. f5 1-0

[Event "20th TCh-RUS 2013"]
[Site "Loo RUS"]
[Date "2013.04.07"]
[Round "1"]
[White "Frolyanov, Dmitry"]
[Black "Tomashevsky, Evgeny"]
[Result "1/2-1/2"]
[WhiteElo "2561"]
[BlackElo "2722"]
[PlyCount "134"]
[EventDate "2013.04.07"]
[WhiteTeam "Zhiguli"]
[BlackTeam "Economist-SGSEU"]

1. e4 c6 2. d4 d5 3. exd5 cxd5 4. c4 Nf6 5. Nc3 g6 6. cxd5 Nxd5 7. Bc4 Nb6 8.
Bb3 Bg7 9. d5 O-O 10. Nf3 Bg4 11. h3 Bxf3 12. Qxf3 N8d7 13. O-O Nc5 14. Bg5
Nxb3 15. axb3 h6 16. Be3 Nc8 17. Rfd1 Nd6 18. Rxa7 Rxa7 19. Bxa7 Qa5 20. Bd4
Bxd4 21. Rxd4 Qa1+ 22. Rd1 Qxb2 23. Ne4 Rc8 24. Nxd6 exd6 25. Qe3 b5 26. Rd2
Qa1+ 27. Kh2 Kg7 28. Qf4 Qf6 29. Rd4 Qxf4+ 30. Rxf4 g5 31. Rd4 Rc3 32. Rb4 Rc5
33. Kg3 Rxd5 34. Kf3 f5 35. h4 Kf6 36. hxg5+ hxg5 37. Ke3 Ke5 38. g3 g4 39. f3
gxf3 40. Kxf3 Rc5 41. Ke2 d5 42. Kd3 Rc8 43. Rxb5 Rg8 44. Ke2 Rxg3 45. Rb8 d4
46. b4 Re3+ 47. Kd2 f4 48. b5 Ke4 49. b6 Rb3 50. b7 Kf3 51. Kc2 Rc3+ 52. Kd2
Rc7 53. Kd3 Rd7 54. Kc2 Rg7 55. Kd3 Rd7 56. Kc2 Kf2 57. Rf8 Rxb7 58. Rxf4+ Ke3
59. Rh4 d3+ 60. Kc3 Rc7+ 61. Kb2 Rc2+ 62. Kb3 Rf2 63. Kc3 Rc2+ 64. Kb3 Rg2 65.
Kc3 Rg3 66. Rh8 Ke2 67. Rh2+ Ke3 1/2-1/2

[Event "20th TCh-RUS 2013"]
[Site "Loo RUS"]
[Date "2013.04.07"]
[Round "1"]
[White "Andreikin, Dmitry"]
[Black "Bukavshin, Ivan"]
[Result "1-0"]
[WhiteElo "2727"]
[BlackElo "2522"]
[PlyCount "71"]
[EventDate "2013.04.07"]
[WhiteTeam "Economist-SGSEU"]
[BlackTeam "Zhiguli"]

1. e4 c5 2. Nf3 Nc6 3. Bb5 g6 4. O-O Bg7 5. c3 Nf6 6. Re1 O-O 7. h3 e5 8. d3 d6
9. Nbd2 Nh5 10. Nf1 Nf4 11. d4 cxd4 12. cxd4 Ne6 13. dxe5 Nxe5 14. N1h2 a6 15.
Ba4 Nc4 16. Rb1 Qa5 17. b4 Qc7 18. Ng4 b5 19. Bb3 Rd8 20. Bh6 Bh8 21. Rc1 Qb7
22. Ne3 Nxe3 23. Bxe3 Qe7 24. Qd2 Bb7 25. Ng5 Bf6 26. Nxe6 fxe6 27. f4 Kh8 28.
Bb6 Rdc8 29. Rcd1 Bc3 30. Bd4+ Bxd4+ 31. Qxd4+ e5 32. Qxd6 Qxd6 33. Rxd6 exf4
34. e5 Rc7 35. e6 Re8 36. Rd7 1-0

[Event "20th TCh-RUS 2013"]
[Site "Loo RUS"]
[Date "2013.04.07"]
[Round "1"]
[White "Geller, Jakov"]
[Black "Volokitin, Andrei"]
[Result "1-0"]
[WhiteElo "2545"]
[BlackElo "2702"]
[PlyCount "59"]
[EventDate "2013.04.07"]
[WhiteTeam "Zhiguli"]
[BlackTeam "Economist-SGSEU"]

1. e4 c5 2. Nf3 d6 3. d4 cxd4 4. Nxd4 Nf6 5. Nc3 a6 6. Be2 e6 7. O-O Qc7 8. f4
Be7 9. Qe1 b5 10. Qg3 b4 11. e5 dxe5 12. fxe5 Bc5 13. Be3 O-O 14. Rxf6 bxc3 15.
bxc3 Kh8 16. Rf2 Nd7 17. Bf4 Bb7 18. Bd3 Ba7 19. Raf1 Qxc3 20. Qh4 g6 21. Be3
Bxd4 22. Bxd4 Qc6 23. Re2 Kg8 24. Rf4 Kg7 25. Ref2 Qd5 26. Qe7 Kh8 27. c4 Qc6
28. Be4 Qxe4 29. Rxf7 Rxf7 30. Qxf7 1-0

[Event "20th TCh-RUS 2013"]
[Site "Loo RUS"]
[Date "2013.04.07"]
[Round "1"]
[White "Alekseev, Evgeny"]
[Black "Yakovich, Yuri"]
[Result "1/2-1/2"]
[WhiteElo "2695"]
[BlackElo "2517"]
[PlyCount "85"]
[EventDate "2013.04.07"]
[WhiteTeam "Economist-SGSEU"]
[BlackTeam "Zhiguli"]

1. e4 c5 2. Nf3 Nc6 3. d4 cxd4 4. Nxd4 Nf6 5. Nc3 e5 6. Ndb5 d6 7. Bg5 a6 8.
Na3 b5 9. Nd5 Be7 10. Bxf6 Bxf6 11. c4 b4 12. Nc2 O-O 13. g3 Bg5 14. Bg2 Qa5
15. O-O Qc5 16. Qd3 Be6 17. Rad1 a5 18. Kh1 Ra7 19. f4 Bd8 20. Nde3 Nd4 21.
Nxd4 Qxd4 22. f5 Qxd3 23. Rxd3 Bd7 24. Rxd6 Be7 25. Rd3 f6 26. Nd5 Bc5 27. g4
Bc6 28. h4 h6 29. Rg3 Kf7 30. Bf3 Rh8 31. Kg2 Bd4 32. b3 Bxd5 33. exd5 a4 34.
d6 axb3 35. Bd5+ Ke8 36. Bc6+ Kd8 37. axb3 Ra6 38. Bb5 Rxd6 39. g5 hxg5 40.
hxg5 e4 41. Rd1 Be5 42. Rxd6+ Bxd6 43. Re3 1/2-1/2

[Event "20th TCh-RUS 2013"]
[Site "Loo RUS"]
[Date "2013.04.07"]
[Round "1"]
[White "Skatchkov, Pavel"]
[Black "Eljanov, Pavel"]
[Result "0-1"]
[WhiteElo "2485"]
[BlackElo "2703"]
[PlyCount "64"]
[EventDate "2013.04.07"]
[WhiteTeam "Zhiguli"]
[BlackTeam "Economist-SGSEU"]

1. d4 Nf6 2. Nf3 g6 3. c4 Bg7 4. Nc3 d5 5. cxd5 Nxd5 6. g3 Nxc3 7. bxc3 Bf5 8.
Bg2 Be4 9. O-O c5 10. Qb3 O-O 11. Ba3 Nd7 12. Rad1 Qa5 13. Bh3 e6 14. d5 Bxd5
15. Rxd5 exd5 16. Bxd7 Rfd8 17. Bg4 c4 18. Qb2 Bxc3 19. Qc1 Bg7 20. Rd1 h5 21.
Bh3 d4 22. Ng5 Bh6 23. Be7 Rd5 24. f4 Re8 25. Qxc4 Rxe7 26. Nxf7 Rxf7 27. Be6
Rdf5 28. e4 R5f6 29. Rxd4 Rxe6 30. Qxe6 Qc5 31. Qe8+ Bf8 32. Qd8 Qc7 0-1

[Event "20th TCh-RUS 2013"]
[Site "Loo RUS"]
[Date "2013.04.07"]
[Round "1"]
[White "Caruana, Fabiano"]
[Black "Kokarev, Dmitry"]
[Result "1-0"]
[WhiteElo "2772"]
[BlackElo "2648"]
[PlyCount "87"]
[EventDate "2013.04.07"]
[WhiteTeam "SHSM Nashe Nasledie Moskow"]
[BlackTeam "Politekhnik"]

1. d4 Nf6 2. c4 g6 3. Nc3 Bg7 4. e4 d6 5. Nf3 O-O 6. Be2 e5 7. Be3 Na6 8. O-O
c6 9. d5 Ng4 10. Bg5 f6 11. Bh4 c5 12. Ne1 Nh6 13. Nd3 g5 14. Bg3 f5 15. exf5
Bxf5 16. Bf3 Bg6 17. Be4 Nf5 18. Re1 Nb8 19. f3 Nd7 20. Nf2 Nf6 21. Bxf5 Bxf5
22. Nfe4 Nxe4 23. Nxe4 a5 24. Rc1 Rf7 25. Bf2 h6 26. h3 Rb8 27. Qe2 Qd7 28. Rc3
Bf8 29. Rb3 b6 30. Be3 a4 31. Ra3 b5 32. b3 bxc4 33. bxc4 Rb4 34. Qc2 Qb7 35.
Rxa4 Rb2 36. Qd3 Qc8 37. Bd2 Bxh3 38. gxh3 Qxh3 39. Ra3 Rf4 40. Nf2 Qg3+ 41.
Kf1 Rf6 42. Ne4 Qh3+ 43. Ke2 Rf4 44. Kd1 1-0

[Event "20th TCh-RUS 2013"]
[Site "Loo RUS"]
[Date "2013.04.07"]
[Round "1"]
[White "Shomoev, Anton"]
[Black "Le, Quang Liem"]
[Result "0-1"]
[WhiteElo "2543"]
[BlackElo "2717"]
[PlyCount "96"]
[EventDate "2013.04.07"]
[WhiteTeam "Politekhnik"]
[BlackTeam "SHSM Nashe Nasledie Moskow"]

1. e4 c5 2. Nf3 d6 3. d4 cxd4 4. Nxd4 Nf6 5. Nc3 a6 6. Be3 e5 7. Nb3 Be6 8. Qd2
Nbd7 9. O-O-O Rc8 10. Kb1 Be7 11. f3 h5 12. g3 b5 13. Nd5 Nxd5 14. exd5 Bf5 15.
Bd3 Bxd3 16. Qxd3 O-O 17. g4 h4 18. f4 Re8 19. Rhf1 Bf6 20. g5 exf4 21. Bxf4
Bxg5 22. Bxd6 Ne5 23. Bxe5 Rxe5 24. Rf5 Qd6 25. Na5 Bf6 26. h3 Rxf5 27. Qxf5
Rc7 28. a3 g6 29. Qd3 Kg7 30. Nc6 Rd7 31. Qe4 Rc7 32. Rd3 Rc8 33. Rf3 Rh8 34.
Rd3 Rh5 35. Qb4 Qd7 36. Qe4 Rg5 37. d6 Rg1+ 38. Ka2 Rg3 39. Qd5 Rxd3 40. cxd3
Qxh3 41. Ne5 Qe6 42. Qxe6 fxe6 43. Ng4 Bd4 44. Kb3 Kf8 45. Kb4 Ke8 46. Ka5 Bxb2
47. Kxa6 Bxa3 48. Kxb5 Bxd6 0-1

[Event "20th TCh-RUS 2013"]
[Site "Loo RUS"]
[Date "2013.04.07"]
[Round "1"]
[White "Wojtaszek, Radoslaw"]
[Black "Yudin, Sergei"]
[Result "1/2-1/2"]
[WhiteElo "2700"]
[BlackElo "2548"]
[PlyCount "74"]
[EventDate "2013.04.07"]
[WhiteTeam "SHSM Nashe Nasledie Moskow"]
[BlackTeam "Politekhnik"]

1. d4 d5 2. c4 dxc4 3. e4 Nf6 4. e5 Nd5 5. Bxc4 Nb6 6. Bd3 Nc6 7. Ne2 Bg4 8. f3
Be6 9. Nbc3 Qd7 10. Ne4 Bd5 11. Nc5 Qc8 12. a3 e6 13. Qc2 Bxc5 14. Qxc5 Qd7 15.
O-O a6 16. Qc2 Nxd4 17. Nxd4 Bc4 18. Be3 Bxd3 19. Qxd3 c5 20. Rfd1 cxd4 21.
Bxd4 Nd5 22. Bc5 Qb5 23. Qd4 Rc8 24. b4 b6 25. Bd6 Qc4 26. Qf2 Qc2 27. Qg3 Qg6
28. Qf2 Qc2 29. Qg3 Qg6 30. Qf2 Rc2 31. Rd2 Rxd2 32. Qxd2 Kd7 33. Qe2 Nf4 34.
Qd2 Nd5 35. Qe2 Nf4 36. Qd2 Nd5 37. Qe2 Nf4 1/2-1/2

[Event "20th TCh-RUS 2013"]
[Site "Loo RUS"]
[Date "2013.04.07"]
[Round "1"]
[White "Vokarev, Sergey"]
[Black "Grachev, Boris"]
[Result "1/2-1/2"]
[WhiteElo "2454"]
[BlackElo "2693"]
[PlyCount "141"]
[EventDate "2013.04.07"]
[WhiteTeam "Politekhnik"]
[BlackTeam "SHSM Nashe Nasledie Moskow"]

1. e4 c5 2. Nf3 e6 3. d4 cxd4 4. Nxd4 Nc6 5. Nb5 d6 6. Bf4 e5 7. Be3 a6 8. N5c3
Nf6 9. Bg5 Be7 10. Bxf6 Bxf6 11. Nd2 Be6 12. Bc4 Rc8 13. Nd5 Bg5 14. c3 Ne7 15.
Bb3 Bxd5 16. exd5 O-O 17. Nf3 Bh6 18. Qe2 Ng6 19. g3 Qd7 20. Rd1 Rce8 21. O-O
Qh3 22. Rfe1 Nf4 23. Qf1 Qg4 24. Nh4 Bg5 25. f3 Qd7 26. Ng2 Nh5 27. Re2 Bd8 28.
Qf2 Ba5 29. g4 Nf6 30. Kh1 g6 31. Bc2 Qd8 32. Qh4 Kg7 33. f4 exf4 34. Nxf4 Rxe2
35. Nxe2 Qc8 36. g5 Ng4 37. Nd4 Bb6 38. Ne6+ fxe6 39. Qxg4 e5 40. Qxc8 Rxc8 41.
Kg2 Rc4 42. Kg3 Be3 43. Bd3 Rf4 44. Rf1 Rxf1 45. Bxf1 Bxg5 46. Bd3 Bf4+ 47. Kg2
Kf6 48. h3 h5 49. a4 Bc1 50. b3 Bd2 51. c4 Bb4 52. Kf3 a5 53. Be2 Ke7 54. Bd3
g5 55. Be2 Kf6 56. Ke4 Kg6 57. Bf3 Bc5 58. Be2 h4 59. Bg4 Kf6 60. Bc8 Bd4 61.
Kf3 Ke7 62. Ke4 Kd8 63. Bg4 Kc7 64. Bf5 Kb6 65. Bg4 Kc5 66. Kd3 Kb4 67. Kc2 Bc5
68. Bf3 Ba7 69. Bg2 Be3 70. Bf3 b6 71. Bg4 1/2-1/2

[Event "20th TCh-RUS 2013"]
[Site "Loo RUS"]
[Date "2013.04.07"]
[Round "1"]
[White "Dubov, Daniil"]
[Black "Pogromsky, Mikhail"]
[Result "1-0"]
[WhiteElo "2614"]
[BlackElo "2431"]
[PlyCount "83"]
[EventDate "2013.04.07"]
[WhiteTeam "SHSM Nashe Nasledie Moskow"]
[BlackTeam "Politekhnik"]

1. d4 Nf6 2. c4 e6 3. Nc3 Bb4 4. Qc2 O-O 5. e4 d5 6. e5 Ne4 7. a3 Bxc3+ 8. bxc3
c5 9. Bd3 Nc6 10. Ne2 cxd4 11. cxd4 Qa5+ 12. Kf1 f6 13. Bxe4 dxe4 14. exf6 Rxf6
15. Be3 b6 16. Ng3 Ba6 17. Kg1 Rc8 18. Nxe4 Rg6 19. c5 Ne7 20. Nd6 Nf5 21. Nxc8
Bxc8 22. Qe4 Nxe3 23. Qxe3 Bb7 24. f3 Qb5 25. Qf2 Qd3 26. Rf1 Qxa3 27. h4 h5
28. Kh2 bxc5 29. Ra1 Qc3 30. Rhc1 Qxd4 31. Qxd4 cxd4 32. Rxa7 Bd5 33. Rd7 Rf6
34. Rcc7 d3 35. Rxg7+ Kf8 36. Rh7 Kg8 37. Rcg7+ Kf8 38. Ra7 Kg8 39. Rhg7+ Kf8
40. Rgc7 Kg8 41. Rc3 Rf4 42. Kg3 1-0

[Event "20th TCh-RUS 2013"]
[Site "Loo RUS"]
[Date "2013.04.07"]
[Round "1"]
[White "Ozgibcev, Anatoly"]
[Black "Kobalia, Mikhail"]
[Result "1/2-1/2"]
[WhiteElo "2379"]
[BlackElo "2652"]
[PlyCount "115"]
[EventDate "2013.04.07"]
[WhiteTeam "Politekhnik"]
[BlackTeam "SHSM Nashe Nasledie Moskow"]

1. e4 c5 2. c3 Nf6 3. e5 Nd5 4. d4 cxd4 5. Nf3 e6 6. cxd4 d6 7. Bc4 Nb6 8. Bd3
Nc6 9. a3 dxe5 10. dxe5 Nd7 11. Bf4 Nc5 12. Bc2 Qxd1+ 13. Kxd1 a5 14. Nc3 Be7
15. Ke2 b6 16. Rhd1 O-O 17. Nd4 Nxd4+ 18. Rxd4 f6 19. Rad1 g5 20. Bg3 f5 21. f3
b5 22. b4 axb4 23. axb4 Na6 24. Bd3 Nxb4 25. Bxb5 Ra5 26. Rb1 Nc2 27. Ra4 Rxa4
28. Bxa4 Ba6+ 29. Kd2 Na3 30. Rb3 Nc4+ 31. Ke1 f4 32. Bf2 Nxe5 33. Bb5 Rb8 34.
Rb1 Bxb5 35. Rxb5 Nd3+ 36. Ke2 Rd8 37. Ne4 Nc1+ 38. Kf1 Rd1+ 39. Be1 Nd3 40.
Ke2 Rxe1+ 41. Kxd3 Re3+ 42. Kd4 Re2 43. Re5 Rxg2 44. Rxe6 Kf7 45. Rh6 Kg7 46.
Re6 Bf8 47. Ke5 h6 48. h3 Rg3 49. Kf5 Rxf3 50. Rb6 Kf7 51. Rb7+ Be7 52. h4 gxh4
53. Nd6+ Kf8 54. Rb8+ Kg7 55. Rb7 Re3 56. Kxf4 Re6 57. Nf5+ Kf6 58. Nxe7
1/2-1/2

[Event "20th TCh-RUS 2013"]
[Site "Loo RUS"]
[Date "2013.04.07"]
[Round "1"]
[White "Gabrielian, Artur"]
[Black "Dominguez Perez, Leinier"]
[Result "0-1"]
[WhiteElo "2558"]
[BlackElo "2723"]
[PlyCount "98"]
[EventDate "2013.04.07"]
[WhiteTeam "EGU-Perspektiva"]
[BlackTeam "SPb Chess Fed"]

1. e4 c5 2. Nf3 d6 3. d4 cxd4 4. Nxd4 Nf6 5. Nc3 a6 6. Be3 Ng4 7. Bc1 Nf6 8. f3
e5 9. Nb3 Be6 10. Be3 h5 11. Qd2 Nbd7 12. O-O-O Be7 13. Kb1 b5 14. g3 Rc8 15.
a3 Nb6 16. Qf2 Nc4 17. Bxc4 bxc4 18. Bb6 Qd7 19. Nc5 Qc6 20. Nxe6 fxe6 21. Ba5
O-O 22. Qe2 Rb8 23. Ka1 Rfe8 24. g4 Rb7 25. g5 Nd7 26. f4 Reb8 27. Qxh5 Qc5 28.
Qh3 Nf8 29. Bb4 Rxb4 30. axb4 Qxb4 31. Rb1 exf4 32. Rhg1 Qa5+ 33. Na2 Bxg5 34.
Qc3 Qxc3 35. Nxc3 Bf6 36. Rbf1 Bxc3 37. bxc3 e5 38. Rd1 Rb6 39. Rd5 Kf7 40.
Rgd1 Ke6 41. Rg1 Kf7 42. Rgd1 Ke7 43. Rg1 Ne6 44. h4 Rb8 45. Ra5 Nc5 46. Rxg7+
Kf6 47. Rg1 Nxe4 48. Rxa6 f3 49. Rc6 f2 0-1

[Event "20th TCh-RUS 2013"]
[Site "Loo RUS"]
[Date "2013.04.07"]
[Round "1"]
[White "Movsesian, Sergei"]
[Black "Zontakh, Andrey"]
[Result "1-0"]
[WhiteElo "2695"]
[BlackElo "2546"]
[PlyCount "81"]
[EventDate "2013.04.07"]
[WhiteTeam "SPb Chess Fed"]
[BlackTeam "EGU-Perspektiva"]

1. Nf3 Nf6 2. g3 d5 3. Bg2 c6 4. O-O Bg4 5. d3 Nbd7 6. h3 Bh5 7. Qe1 e5 8. e4
Bd6 9. exd5 Bxf3 10. Bxf3 Nxd5 11. Nc3 Nxc3 12. bxc3 O-O 13. Rb1 Qc7 14. Bd2 f5
15. Qe2 Rae8 16. Bg2 Kh8 17. Qh5 Bc5 18. Bg5 Bb6 19. Rb4 Re6 20. Rh4 h6 21. d4
f4 22. gxf4 exd4 23. Qg4 Rg6 24. Be4 Rxf4 25. Qxf4 Qxf4 26. Rxf4 Rxg5+ 27. Kh1
Nf6 28. cxd4 Bxd4 29. Rd1 Bb6 30. Bf5 Kg8 31. c4 Bc7 32. Rf3 b5 33. cxb5 cxb5
34. Rb1 a6 35. Rc1 Be5 36. Rc6 Kf7 37. Rxa6 Bd4 38. Rd6 Bc5 39. Rc6 Be7 40. Rc7
g6 41. Re3 1-0

[Event "20th TCh-RUS 2013"]
[Site "Loo RUS"]
[Date "2013.04.07"]
[Round "1"]
[White "Papin, Vasily"]
[Black "Efimenko, Zahar"]
[Result "1/2-1/2"]
[WhiteElo "2562"]
[BlackElo "2697"]
[PlyCount "106"]
[EventDate "2013.04.07"]
[WhiteTeam "EGU-Perspektiva"]
[BlackTeam "SPb Chess Fed"]

1. d4 Nf6 2. c4 e6 3. Nf3 d5 4. e3 Be7 5. Nbd2 O-O 6. Bd3 c5 7. cxd5 exd5 8.
dxc5 Bxc5 9. O-O Bg4 10. Be2 Nc6 11. Nb3 Bb6 12. Nfd4 Bd7 13. a4 Re8 14. Bd2
Ne4 15. a5 Bc7 16. a6 Nxd4 17. Nxd4 bxa6 18. Rxa6 Qb8 19. h3 Qxb2 20. Ba5 Be5
21. Be1 Bxd4 22. exd4 Ng3 23. fxg3 Rxe2 24. Rf2 Rxf2 25. Bxf2 Bb5 26. Qa1 Qxa1+
27. Rxa1 a5 28. Be1 a4 29. Bb4 h5 30. Kf2 Kh7 31. Kf3 Bd3 32. Kf4 Be4 33. Ra2
f6 34. g4 g5+ 35. Kg3 h4+ 36. Kf2 Kg6 37. g3 hxg3+ 38. Kxg3 Rb8 39. Rxa4 Bc2
40. Bd6 Rb3+ 41. Kh2 Rd3 42. Ra2 Bd1 43. Bc5 Bf3 44. Ra3 Rd2+ 45. Kg3 Be4 46.
h4 Rg2+ 47. Kh3 gxh4 48. Kxh4 Rg1 49. Be7 f5 50. gxf5+ Kxf5 51. Bd6 Bg2 52. Kg3
Be4+ 53. Kf2 Rg2+ 1/2-1/2

[Event "20th TCh-RUS 2013"]
[Site "Loo RUS"]
[Date "2013.04.07"]
[Round "1"]
[White "Zvjaginsev, Vadim"]
[Black "Airapetian, Gor"]
[Result "1-0"]
[WhiteElo "2658"]
[BlackElo "2471"]
[PlyCount "89"]
[EventDate "2013.04.07"]
[WhiteTeam "SPb Chess Fed"]
[BlackTeam "EGU-Perspektiva"]

1. e4 e6 2. Qe2 c5 3. Nf3 Nc6 4. c3 Nge7 5. d4 cxd4 6. cxd4 d5 7. Nc3 dxe4 8.
Qxe4 g6 9. Bb5 Bg7 10. O-O O-O 11. Rd1 Qb6 12. Ne5 Nd5 13. Bxc6 bxc6 14. Na4
Qc7 15. Bd2 f6 16. Nc4 e5 17. Ba5 Qe7 18. Ne3 exd4 19. Qxe7 Nxe7 20. Rxd4 f5
21. Rd2 f4 22. Nc2 Bf5 23. Nd4 Bxd4 24. Rxd4 Nd5 25. Rc1 Rac8 26. h4 Rfe8 27.
Bd2 Re4 28. Rxe4 Bxe4 29. f3 Bf5 30. Rc4 Bb1 31. a3 Ba2 32. Rd4 Rf8 33. Nc5 Re8
34. Bxf4 Re1+ 35. Kh2 Rb1 36. Be5 Rc1 37. Ne4 Kf7 38. Ng5+ Kg8 39. Ra4 h6 40.
Ne4 Kf7 41. Rxa7+ Ke6 42. Bd4 Ne7 43. Nc5+ Kf7 44. Nd3 Rd1 45. Nb4 1-0

[Event "20th TCh-RUS 2013"]
[Site "Loo RUS"]
[Date "2013.04.07"]
[Round "1"]
[White "Gladyszev, Oleg"]
[Black "Khairullin, Ildar"]
[Result "1/2-1/2"]
[WhiteElo "2451"]
[BlackElo "2660"]
[PlyCount "89"]
[EventDate "2013.04.07"]
[WhiteTeam "EGU-Perspektiva"]
[BlackTeam "SPb Chess Fed"]

1. d4 d5 2. c4 c6 3. Nf3 Nf6 4. Nc3 a6 5. a4 e6 6. g3 Nbd7 7. Bg2 Bb4 8. Qb3 a5
9. O-O O-O 10. Bf4 b6 11. cxd5 exd5 12. Na2 Qe7 13. Nxb4 axb4 14. Ne5 Nxe5 15.
dxe5 Nd7 16. Bd2 Qxe5 17. Bxb4 Rd8 18. a5 Ra6 19. e3 Nc5 20. Qc3 Qxc3 21. Bxc3
bxa5 22. Rxa5 Nb3 23. Ra3 Rb6 24. Rd1 Bg4 25. f3 Be6 26. Bf1 f6 27. Bc4 Rdb8
28. Bxb3 Rxb3 29. Rxb3 Rxb3 30. Ra1 c5 31. Kf2 Rb6 32. Ra8+ Kf7 33. Ra7+ Kg6
34. Rc7 Rb5 35. g4 h5 36. gxh5+ Kh6 37. h4 d4 38. exd4 cxd4 39. Bxd4 Rxh5 40.
Kg3 Rd5 41. Be3+ Kg6 42. Rc5 Rxc5 43. Bxc5 Bb3 44. Kf4 Kh5 45. Bf2 1/2-1/2

[Event "20th TCh-RUS 2013"]
[Site "Loo RUS"]
[Date "2013.04.07"]
[Round "1"]
[White "Matlakov, Maxim"]
[Black "Torshin, Anton2"]
[Result "1-0"]
[WhiteElo "2653"]
[BlackElo "2183"]
[PlyCount "59"]
[EventDate "2013.04.07"]
[WhiteTeam "SPb Chess Fed"]
[BlackTeam "EGU-Perspektiva"]

1. c4 g6 2. d4 Nf6 3. Nf3 Bg7 4. g3 O-O 5. Bg2 d6 6. O-O Nc6 7. Nc3 a6 8. h3
Bd7 9. e4 e5 10. Be3 exd4 11. Nxd4 Qc8 12. Nxc6 Bxc6 13. Qc2 Re8 14. Rfe1 b5
15. Bd4 b4 16. Nd5 Nxd5 17. Bxg7 Ne3 18. Rxe3 Kxg7 19. c5 Qb7 20. cxd6 cxd6 21.
Rd1 Rad8 22. Rd4 a5 23. h4 h5 24. a3 Re5 25. axb4 axb4 26. Qd2 Qe7 27. Rxb4 Re8
28. Qc3 Qf6 29. Qxc6 Rc5 30. Qxe8 1-0

[Event "20th TCh-RUS 2013"]
[Site "Loo RUS"]
[Date "2013.04.07"]
[Round "1"]
[White "Eliseev, Urii"]
[Black "Korobov, Anton"]
[Result "1/2-1/2"]
[WhiteElo "2541"]
[BlackElo "2698"]
[PlyCount "76"]
[EventDate "2013.04.07"]
[WhiteTeam "Rakita"]
[BlackTeam "Yugra"]

1. e4 c5 2. Nf3 e6 3. d4 cxd4 4. Nxd4 Nc6 5. Nc3 d6 6. Be3 Nf6 7. f3 Be7 8. g4
Nd7 9. Qd2 Bh4+ 10. Bf2 Bxf2+ 11. Qxf2 Nxd4 12. Qxd4 Qh4+ 13. Qf2 Qxf2+ 14.
Kxf2 Ke7 15. Be2 a6 16. a4 b6 17. h4 Bb7 18. Rhd1 Rac8 19. Rd2 Rhd8 20. Ra3 h6
21. h5 Nc5 22. Nd1 a5 23. Ne3 d5 24. exd5 Bxd5 25. Bb5 Bc6 26. Rxd8 Kxd8 27.
Bxc6 Rxc6 28. Rc3 Kc7 29. Rc4 Rd6 30. Ke2 f6 31. f4 Kc6 32. Nd1 Rd7 33. Ne3 Rd8
34. b3 Rd7 35. Nd1 Kb7 36. Ne3 Kc6 37. Nd1 Kb7 38. Ne3 Kc6 1/2-1/2